ভারতের সাধক / (Record no. 77128)
[ view plain ]
| 000 -LEADER | |
|---|---|
| fixed length control field | 01363nam a2200301 a 4500 |
| 001 - CONTROL NUMBER | |
| control field | 77128 |
| 003 - CONTROL NUMBER IDENTIFIER | |
| rucl marc code | BD-RjUL |
| 005 - DATE AND TIME OF LATEST TRANSACTION | |
| control field | 20211209082929.0 |
| 008 - FIXED-LENGTH DATA ELEMENTS--GENERAL INFORMATION | |
| fixed length control field | 200225m19721968ii ||||| |||| 00| 0 ben d |
| 020 ## - INTERNATIONAL STANDARD BOOK NUMBER | |
| Terms of availability | : IRs. 9.00 (V-8 & 9) |
| Terms of availability | : IRs. 10.00 (V-10 ) |
| Terms of availability | : IRs. 12.00 (V-11 ) |
| Terms of availability | : IRs. 10.00 (V-12 ) |
| 035 ## - SYSTEM CONTROL NUMBER | |
| System control number | (BD-RjUL)77352 |
| 040 ## - CATALOGING SOURCE | |
| Original cataloging agency | BD-RjUL |
| Language of cataloging | ben |
| Transcribing agency | BD-RjUL |
| Modifying agency | BD-RjUL |
| 041 ## - LANGUAGE CODE | |
| Language code of text/sound track or separate title | ben |
| 082 ## - DEWEY DECIMAL CLASSIFICATION NUMBER | |
| Edition number | 23 |
| Classification number | 294.5092254 |
| Author mark and year | ROB V-1-12 1968-1972 |
| 100 1# - MAIN ENTRY--PERSONAL NAME | |
| Personal name | রায়, শঙ্করনাথ |
| 9 (RLIN) | 119563 |
| 245 10 - TITLE STATEMENT | |
| Title | ভারতের সাধক / |
| Statement of responsibility, etc. | শঙ্করনাথ রায় |
| 250 ## - EDITION STATEMENT | |
| Edition statement | ১ম প্রকাশ |
| 260 ## - PUBLICATION, DISTRIBUTION, ETC. (IMPRINT) | |
| Place of publication, distribution, etc. | কলিকাতা : |
| Name of publisher, distributor, etc. | করুণা প্রকাশনী, |
| Date of publication, distribution, etc. | ১৯৬৮ (ভাদ্র ১৩৭৫) -- ১৯৭২ (আশ্বিন ১৩৭৯) |
| 300 ## - PHYSICAL DESCRIPTION | |
| Pagination | খন্ড. ; |
| Size | ২১ সেমি. |
| 500 ## - GENERAL NOTE | |
| General note | "১৩৭০ সালে রবীন্দ্র পুরস্কার জয়ী মহান জীবনীগ্রন্থ" |
| 505 0# - FORMATTED CONTENTS NOTE | |
| Formatted contents note | খণ্ড ৮ --- খণ্ড ৯ -- খণ্ড ১০ -- খণ্ড ১১ -- খণ্ড ১২ -- |
| 650 ## - SUBJECT ADDED ENTRY--TOPICAL TERM | |
| Topical term or geographic name as entry element | সাধক |
| Geographic subdivision | ভারত |
| General subdivision | সংগৃহীত জীবনী |
| 9 (RLIN) | 163843 |
| Topical term or geographic name as entry element | Saints |
| Geographic subdivision | Indian |
| General subdivision | Collected Biography |
| 9 (RLIN) | 163844 |
| 942 ## - ADDED ENTRY ELEMENTS (KOHA) | |
| Source of classification or shelving scheme | Dewey Decimal Classification |
| Koha item type | Books |
| Lost status | Source of classification or shelving scheme | Damaged status | Not for loan | Collection code | Permanent Location | Current Location | Shelving location | Date acquired | Source of acquisition | Total Checkouts | Full call number | Date last seen | Copy number | Koha item type | Cost, normal purchase price |
|---|---|---|---|---|---|---|---|---|---|---|---|---|---|---|---|
| Dewey Decimal Classification | Not For Loan | Rare Books | Central Library, University of Rajshahi | Central Library, University of Rajshahi | Rare Book Section | 21/08/1973 | Presented by Indian Govt. | BRA 294.5092254 ROB V-8 1968 | 25/02/2020 | C-1 | Rare Books | ||||
| Dewey Decimal Classification | Not For Loan | Rare Books | Central Library, University of Rajshahi | Central Library, University of Rajshahi | Rare Book Section | 25/02/2020 | Presented by Indian Govt. | BRA 294.5092254 ROB V-9 1969 | 25/02/2020 | C-1 | Rare Books | ||||
| Dewey Decimal Classification | Not For Loan | Rare Books | Central Library, University of Rajshahi | Central Library, University of Rajshahi | Rare Book Section | 25/02/2020 | Presented by Indian Govt. | BRA 294.5092254 ROB V-10 1970 | 25/02/2020 | C-1 | Rare Books | ||||
| Dewey Decimal Classification | Not For Loan | Rare Books | Central Library, University of Rajshahi | Central Library, University of Rajshahi | Rare Book Section | 07/10/1974 | Jonathon Wren & co. | BRA 294.5092254 ROB V-11 1971 | 25/02/2020 | C-1 | Rare Books | 12.00 | |||
| Dewey Decimal Classification | Not For Loan | Rare Books | Central Library, University of Rajshahi | Central Library, University of Rajshahi | Rare Book Section | 23/08/1973 | Presented by Indian Govt. | BRA 294.5092254 ROB V-12 1972 | 25/02/2020 | C-1 | Rare Books |